l'Empire byzantin (Romain d'Orient) - Statistiques

Statistiques générales
  • Ce quiz a été pris 79 fois
  • Le résultat moyen est 5 sur 10
Statistiques - réponses
Question Réponse % Correct
Qui est le second empereur byzantin ? Constance II
74%
Comment se nomme la dernière dynastie byzantine régnante ? Les Paléologues
69%
La seconde plus grande ville de l'Empire est Andrinople mais par qui a-t-elle été fondée ? Hadrien
62%
Comment se nomme le mercenaire génois qui va aider l'empereur à se battre jusqu'au bout lors du siège final de Constantinople ? Giovanni Giustiniani
59%
Quelle bataille décisive marque la conquête de l'Empire bulgare par l'empereur byzantin Basile II ? La bataille de la passe de Kleidion
49%
Qui est le dernier empereur de la dynastie isaurienne ? Irène l'Athénienne
41%
Justinien est un empereur byzantin qui va conquérir beaucoup de territoire mais pourquoi, après sa mort, l'Empire va commencer à décliner ? Car il n'y avait plus d'argent dans les caisses
33%
Quel jour Constantinople, capitale historique de l'Empire byzantin, a-t-elle été fondée ? Le 11 mai
33%
Comment se nommait la garde personnelle de l'empereur ? Les Excubites
33%
Un personnage important de l'histoire byzantine s'appelait Aspar mais quelle était son métier ? Patrice
28%
Aucun quiz correspondant
Distribution des résultats
% des personnes avec chaque résultat
Percentile par nombre de réponses
Votre historique - résultats
Vous n’avez pas pris ce quiz